000 00302nam a22001337a 4500
008 170904b xxu||||| |||| 00| 0 eng d
020 _a9780495911340
041 _aeng
080 _a070
100 _a40
101 _aMED
245 _aCALLEGE EFFECTIVE SPEAKING
_cVERDERBER.R.F
942 _2udc
_cBK
999 _c25900
_d25900